Tiếng Việt Giáo trình chính thức đào tạo giáo viên tiểu học hệ CĐSP và SP 12+2 Tập 2
Đã lưu trong:
| Tác giả chính: | |
|---|---|
| Định dạng: | Sách |
| Năm xuất bản: |
H
Giáo dục
1996
|
| Chủ đề: | |
| Tags: |
Thêm thẻ
Không có thẻ, Hãy là người đầu tiên gắn thẻ bản ghi này!
|
| LEADER | 00618nam a2200169 4500 | ||
|---|---|---|---|
| 082 | |a 495.922 |b T306v | ||
| 100 | |a Vụ giáo viên | ||
| 245 | |a Tiếng Việt |b Giáo trình chính thức đào tạo giáo viên tiểu học hệ CĐSP và SP 12+2 |c Vụ giáo viên |p Tập 2 | ||
| 260 | |a H |b Giáo dục |c 1996 | ||
| 300 | |a 259tr |c 21cm. | ||
| 520 | |a | ||
| 653 | |a Ngôn ngữ | ||
| 653 | |a Tiếng Việt | ||
| 653 | |a Giáo trình | ||
| 942 | |2 ddc |c STK0 | ||
| 999 | |c 9940 |d 9940 | ||
| 952 | |0 0 |1 0 |2 ddc |4 0 |6 495_922000000000000_T306V |7 0 |8 400 |9 78106 |a qbu |b qbu |c D2 |d 2015-07-15 |g 13000 |o 495.922 T306v |p 10296.c1 |r 0000-00-00 |w 2015-07-15 |y SH | ||